[Event "Oberpfalz-ch M3"]
[Site "Kareth Lappersdorf"]
[Date "2008.03.18"]
[Round "7"]
[White "Frank, Simon"]
[Black "Groh, Korbinian"]
[Result "1/2-1/2"]
[WhiteElo "1243"]
[BlackElo "1136"]
[PlyCount "64"]
[EventDate "2008.03.15"]
[EventType "swiss"]
[EventRounds "8"]
[EventCountry "GER"]
[SourceTitle "EXT 2022"]
[Source "ChessBase"]
[SourceDate "2021.10.06"]
[SourceVersion "1"]
[SourceVersionDate "2021.10.06"]
[SourceQuality "1"]

1. e4 c5 2. d4 b6 3. c3 Bb7 4. Bd3 g6 5. Nf3 Bg7 6. 0-0 Nf6 7. d5 d6 8. c4 0-0 9. Nc3 e6 10. Bg5 exd5 11. Nxd5 Bxd5 12. exd5 Nbd7 13. Re1 Re8 14. Qd2 Re7 15. Rxe7 Qxe7 16. Re1 Qf8 17. b3 Re8 18. Kf1 Re7 19. Bf4 Ng4 20. h3 Nge5 21. Nxe5 Nxe5 22. Bg3 f5 23. f4 Bh6 24. Qe2 Nxd3 25. Qxd3 Rxe1+ 26. Kxe1 Qe7+ 27. Qe2 Bf8 28. Bf2 Kf7 29. g4 Qxe2+ 30. Kxe2 h6 31. Kf3 Be7 32. a3 a5 1/2-1/2

[Event "Oberpfalz-ch M3"]
[Site "Kareth Lappersdorf"]
[Date "2008.03.15"]
[Round "2"]
[White "Frank, Simon"]
[Black "Fischer, Manfred1111"]
[Result "1/2-1/2"]
[WhiteElo "1243"]
[BlackElo "1553"]
[PlyCount "125"]
[EventDate "2008.03.15"]
[EventType "swiss"]
[EventRounds "8"]
[EventCountry "GER"]
[SourceTitle "EXT 2022"]
[Source "ChessBase"]
[SourceDate "2021.10.06"]
[SourceVersion "1"]
[SourceVersionDate "2021.10.06"]
[SourceQuality "1"]

1. e4 g6 2. d4 Bg7 3. Nf3 d6 4. Be3 Nf6 5. Bd3 0-0 6. 0-0 c6 7. Nbd2 Qc7 8. c4 Ng4 9. Rc1 Nxe3 10. fxe3 c5 11. b3 Bg4 12. Qe2 cxd4 13. Kh1 Nd7 14. Qf2 Nc5 15. Bb1 dxe3 16. Qxe3 Qd7 17. Rcd1 b5 18. Bc2 a6 19. Rf2 Ne6 20. Rdf1 Qa7 21. Qxa7 Rxa7 22. Kg1 Bxf3 23. Nxf3 Nd4 24. cxb5 axb5 25. Bb1 Rc7 26. Kh1 Rc3 27. Nxd4 Bxd4 28. Rd2 Bf6 29. g3 Rfc8 30. Rdd1 Bg5 31. Kg2 Bf6 32. Rf2 Rc1 33. Rff1 R1c5 34. Rfe1 Be5 35. Kf2 e6 36. Re2 f5 37. exf5 exf5 38. Red2 b4 39. Bd3 Kg7 40. Bc4 Kf6 41. Kf3 h6 42. Rf2 Rd8 43. Rd5 Bc3 44. Re2 Rxd5 45. Bxd5 Be5 46. Rc2 Rd7 47. Ke3 Ra7 48. Kf3 Ra5 49. Bc4 Bc3 50. Bd3 d5 51. h3 d4 52. g4 Re5 53. Re2 fxg4+ 54. hxg4 Rxe2 55. Bxe2 Kg5 56. Kg3 h5 57. gxh5 gxh5 58. Kf3 h4 59. Bf1 Kf5 60. Bh3+ Ke5 61. Bf1 d3 62. Bxd3 Kd4 63. Bc4 1/2-1/2